| 000 | 02107cam a22006254i 4500 | ||
|---|---|---|---|
| 003 | PE-LiUPU | ||
| 005 | 20250731170450.0 | ||
| 008 | 150706s2008 mx a rb 000 0 spa d | ||
| 020 | _a9681849345 | ||
| 020 | _a9789681849344 | ||
| 035 | _a(Sirsi) i9789681849344 | ||
| 040 |
_aPE-LiUPU _bspa _cPE-LiUPU _dPE-LiUPU _erda |
||
| 049 | _aPRUA | ||
| 082 | 0 | 4 |
_a156.7 _bD192008 _221 |
| 100 | 1 |
_aDavison, Gerald G., _eautor. |
|
| 245 | 1 | 0 |
_aPsicología de la conducta anormal : _b(DSM-IV : Ejes I y II) / _cGerald G. Davison, John M. Neale. |
| 250 | _a2a edición. | ||
| 264 | 1 |
_aMéxico : _bLimusa Wiley, _c2008. |
|
| 300 |
_a904 páginas : _bilustraciones ; _c27 centímetros |
||
| 336 |
_atext _2rdacontent |
||
| 337 |
_aunmediated _2rdamedia |
||
| 338 |
_avolume _2rdacarrier |
||
| 504 | _aIncluye bibliografía. | ||
| 505 | 0 | _aIntroducción y aspectos básicos -- Trastornos psicológicos -- Trastornos de desarrollo en el ciclo de vida -- Intervención y aspectos legales y éticos. | |
| 526 | _aSEG68 | ||
| 526 | _aSEG70 | ||
| 526 | _aSEG69 | ||
| 526 | _aSEG67 | ||
| 526 | _aSEG43 | ||
| 526 | _aP144 | ||
| 526 | _aP143 | ||
| 526 | _aP131 | ||
| 526 | _aP122 | ||
| 526 | _aP120 | ||
| 526 | _aP117 | ||
| 526 | _aP112 | ||
| 526 | _aP110 | ||
| 526 | _aP106 | ||
| 526 | _aP101 | ||
| 526 | _aP80 | ||
| 526 | _aP59 | ||
| 526 | _aP54 | ||
| 526 | _aP35 | ||
| 526 | _aP33 | ||
| 526 | _aP30 | ||
| 541 | _g001-0031616; | ||
| 650 | 0 | 4 | _aPsicología anormal. |
| 700 | 1 |
_aNeale, John M., _eautor. |
|
| 910 |
_bjv _cjvm _d20100615 |
||
| 942 |
_2ddc _cBOOK |
||
| 949 |
_a156.7 D19 2008 _wDEWEY _c1 _i61886 _d2016-5-25 _e2016-5-22 _lCCODEBUL1 _mBUL _n5 _p67.00 _r0 _sY _tBOOK _u2015-7-6 _xSALUD _PP33 _0COMPRA _o.STAFF. Colección Ciencias de la Salud |
||
| 994 |
_aC0 _bPEPRU |
||
| 596 | _a1 | ||
| 999 |
_a156.7 D19 2008 _wDEWEY _c50998 _i61886 _d50998 _e2016-5-22 _f2021-11-3 _g5 _lCCODEBUL1 _mBUL _n5 _p67.00 _q2 _r0 _sY _tBOOK _u2015-7-6 _xSALUD _zP33 _0COMPRA _o.STAFF. Colección Ciencias de la Salud |
||
| 980 |
_81 _gALBERTO SANCHEZ Responsable de Automatización |
||